000 01371cam a22003617a 4500
003 CHAP
005 20220817043644.0
008 000407d1996 ca r 00110 spa d
010 _a80725
011 _a81697
020 _a0662621417
035 _a92173
040 _cCHAP
090 _aFolleto 15967
110 _aGrupo de Estudios de Cambios Atmosféricos y Bosques de la Comisión Forestal de América del Norte. Canadá
_950873
245 1 0 _aSanidad de los bosques de América del Norte :
_binforme
_c/por Grupo de Estudio de Cambios Atmosféricos y Bosques de la Comisión Forestal de América del Norte
260 _aOttawa :
_bCanadian Forest Service,
_c1996.
300 _a66 p.
590 _aBATCH-UPD
_b10
_c20130110
_lUCH01
_h1617
590 _aBATCH-UPD
_b10
_c20130410
_lUCH01
_h1012
590 _aBATCH-UPD
_b10
_c20130914
_lUCH01
_h0721
590 _aCONVERSION
_b10
_c20130109
_lUCH01
_h1345
650 1 4 _aBosques
_xAmérica del Norte.
_914051
650 1 4 _aBosques
_xPreservación.
650 1 4 _aBosques
_xProtección.
_914369
650 1 4 _aSilvicultura sustentable.
_9106136
901 _aBK
905 _aLilia Sánchez G.
942 _cFOLL
949 _aFolleto 15967
_bBC
_cFOLL
_d921731
_eTS1
_i92173
_sb
949 _aFolleto 15967
_bBC
_cFOLL
_d921732
_eTS2
_fc.2
_i92173
_sb
949 _aFolleto 15967
_bBC
_cFOLL
_d921733
_eTS2
_fc.3
_gDonaciØn
_i92173
_sb
999 _c80725
_d80725